[Event "Hillerod Nordea Cup E"]
[Site "Hillerod"]
[Date "2014.04.29"]
[Round "2"]
[White "Jensen, Hans Askov"]
[Black "Schjolin, John"]
[Result "0-1"]
[WhiteElo "1558"]
[BlackElo "1339"]
[PlyCount "23"]
[EventDate "2014.04.29"]
[EventType "tourn"]
[EventRounds "7"]
[EventCountry "DEN"]
[SourceTitle "EXT 2024"]
[Source "ChessBase"]
[SourceDate "2023.10.10"]
[SourceVersion "1"]
[SourceVersionDate "2023.10.10"]
[SourceQuality "1"]

1. e4 c5 2. Nc3 e5 3. Nf3 Nf6 4. Bc4 d6 5. d3 Be6 6. Bxe6 fxe6 7. Bg5 h6 8. Bxf6 Qxf6 9. Nb5 Na6 10. Nd2 Be7 11. Nc4 0-0 12. Nbxd6 0-1

[Event "Hillerod op"]
[Site "Hillerod"]
[Date "2014.??.??"]
[Round "2"]
[White "Larsen, Daniel"]
[Black "Schjolin, John"]
[Result "1-0"]
[WhiteElo "1549"]
[BlackElo "1379"]
[PlyCount "59"]
[EventDate "2014.08.26"]
[EventType "swiss"]
[EventRounds "7"]
[EventCountry "DEN"]
[SourceTitle "EXT 2024"]
[Source "ChessBase"]
[SourceDate "2023.10.10"]
[SourceVersion "1"]
[SourceVersionDate "2023.10.10"]
[SourceQuality "1"]

1. d4 d5 2. c4 dxc4 3. e4 c6 4. Bxc4 e6 5. Nf3 Bb4+ 6. Bd2 c5 7. Bxb4 cxb4 8. Qa4+ Bd7 9. Qxb4 Nc6 10. Qd6 Qe7 11. Qf4 Qb4+ 12. Nbd2 Qxb2 13. Rb1 Qa3 14. 0-0 Na5 15. Ng5 Nh6 16. d5 0-0 17. dxe6 fxe6 18. Qe5 Nf7 19. Nxf7 Nxc4 20. Nxc4 Qxa2 21. Nfd6 b6 22. f4 b5 23. Ne3 Qd2 24. Ng4 b4 25. Rf2 Qc3 26. Qg5 Kh8 27. f5 Be8 28. Rbf1 Qc5 29. Qe7 Bh5 30. Nf7+ 1-0

[Event "Hillerod op"]
[Site "Hillerod"]
[Date "2014.??.??"]
[Round "6"]
[White "Schjolin, John"]
[Black "Rabjerg, Tue"]
[Result "1/2-1/2"]
[WhiteElo "1379"]
[BlackElo "1268"]
[PlyCount "83"]
[EventDate "2014.08.26"]
[EventType "swiss"]
[EventRounds "7"]
[EventCountry "DEN"]
[SourceTitle "EXT 2024"]
[Source "ChessBase"]
[SourceDate "2023.10.10"]
[SourceVersion "1"]
[SourceVersionDate "2023.10.10"]
[SourceQuality "1"]

1. c4 e5 2. e4 Nf6 3. Nc3 Bc5 4. Nf3 Nc6 5. Be2 d6 6. 0-0 h6 7. d3 Be6 8. h3 Qe7 9. a3 Nd4 10. Be3 a6 11. Re1 0-0-0 12. b4 Nxf3+ 13. Bxf3 Bxe3 14. Rxe3 g5 15. Bh5 Nxh5 16. Qxh5 g4 17. hxg4 Rdg8 18. f3 Qg5 19. Qxg5 hxg5 20. Ne2 Rg6 21. Ng3 Rgh6 22. Nh5 f6 23. Kf2 Bf7 24. Ng3 b5 25. Rc1 bxc4 26. dxc4 Be6 27. Re2 Kd7 28. Ree1 Rc8 29. a4 c5 30. b5 axb5 31. axb5 Ra8 32. Re2 Ra4 33. Rec2 Rh8 34. Nf1 Rha8 35. Nd2 Ra2 36. Rxa2 Rxa2 37. Ke3 Ra3+ 38. Ke2 Ra2 39. Kd3 Ra3+ 40. Rc3 Ra4 41. Rb3 Kc7 42. Kc3 1/2-1/2

[Event "Hillerod op"]
[Site "Hillerod"]
[Date "2014.??.??"]
[Round "1"]
[White "Schjolin, John"]
[Black "Sorensen, Bernhard"]
[Result "0-1"]
[WhiteElo "1379"]
[BlackElo "1667"]
[PlyCount "90"]
[EventDate "2014.08.26"]
[EventType "swiss"]
[EventRounds "7"]
[EventCountry "DEN"]
[SourceTitle "EXT 2024"]
[Source "ChessBase"]
[SourceDate "2023.10.10"]
[SourceVersion "1"]
[SourceVersionDate "2023.10.10"]
[SourceQuality "1"]

1. c4 f5 2. e3 Nf6 3. Nf3 e6 4. d3 d5 5. d4 c6 6. Nc3 Bd6 7. c5 Bc7 8. a3 Ne4 9. Bd2 Nd7 10. g3 0-0 11. Bg2 e5 12. 0-0 Nxd2 13. Qxd2 e4 14. Ne1 h5 15. Ne2 g5 16. h4 gxh4 17. gxh4 Qxh4 18. Nf4 Nf6 19. Bh3 Bxf4 20. Ng2 Qxh3 21. Nxf4 Qg4+ 22. Kh2 Kh7 23. Rg1 Qh4+ 24. Kg2 Rg8+ 25. Kf1 Rxg1+ 26. Kxg1 Qg4+ 27. Kf1 Qf3 28. Qd1 Qxd1+ 29. Rxd1 Bd7 30. Ke2 Rg8 31. Rc1 Kh6 32. b4 Rg4 33. Rh1 h4 34. Rf1 Nh5 35. Nh3 f4 36. exf4 Nxf4+ 37. Nxf4 Rxf4 38. Ke1 h3 39. Rh1 Kh5 40. Rg1 Bg4 41. Rh1 Rf3 42. Rh2 Rd3 43. f4 Rd1+ 44. Kf2 Rd2+ 45. Kg1 Rxh2 0-1